000 00439nam a2200181Ia 4500
008 230125s9999 xx 000 0 und d
020 _a9781847941008
041 _aeng
082 _a658
_bROB
100 _aRobert S
_9118165
245 _aScaling Up Excellence
250 _a1st Ed.
260 _c2014
_bPenguin Random House India
_aU K
300 _a346p
700 _aRobert S & Rao H
_9118166
906 _b139.72
999 _c96170
_d96170